Haitian Creole Verbs Quiz Stats

 Plays Quiz not verified by Sporcle

Support Sporcle.
Go Orange.
Score 0/18 Timer 04:00
0 Plays Today
English Haitian Creole % Correct
sleepdòmi
82.3%
buyachte
79%
do
75.3%
sitchita
74.2%
learnaprann
70.4%
needbezwen
70.4%
writeekri
69.9%
drinkbwè
68.8%
helpede
64.5%
English Haitian Creole % Correct
runkouri
53.8%
studyetidye
50%
countkonte
38.7%
cookfè manje
36%
useitilize
35.5%
meetrankontre
32.3%
copykopye
29%
know howkonnen kijan
21.5%
meetfè konesans
12.4%

You're not logged in!

Compare scores with friends on all Sporcle quizzes.
OR
Log In

From the Vault

Remove Ads.
Support Sporcle.
Get the best of Sporcle when you Go Orange. This ad-free experience offers more features, more stats, and more fun while also helping to support Sporcle. Thank you for becoming a member.

Show Comments

Extras

Top Quizzes Today


Score Distribution

Your Account Isn't Verified!

In order to create a playlist on Sporcle, you need to verify the email address you used during registration. Go to your Sporcle Settings to finish the process.

Report this User

Report this user for behavior that violates our Community Guidelines.

Details: